La industria minera en la provincia de Palencia / (Record no. 161063)

MARC details
000 -LEADER
campo de control de longitud fija 00832nam a2200181 i 4500
001 - NÚMERO DE CONTROL
campo de control 161063
003 - IDENTIFICADOR DE NÚMERO DE CONTROL
campo de control ES-MaACL
005 - FECHA Y HORA DE LA ÚLTIMA TRANSACCIÓN
campo de control 20251115063312.0
008 - DATOS DE LONGITUD FIJA--INFORMACIÓN GENERAL
campo de control de longitud fija 041013s1888 sp a |||| | spa d
100 1# - ENTRADA PRINCIPAL--NOMBRE DE PERSONA
Nombre de persona Oriol, Román,
Fechas asociadas al nombre 1847-1898
9 (RLIN) 87263
245 13 - MENCIÓN DEL TÍTULO
Título La industria minera en la provincia de Palencia /
Mención de responsabilidad, etc. por Román Oriol.
260 ## - PUBLICACIÓN, DISTRIBUCIÓN, ETC.
Lugar de publicación, distribución, etc. Madrid :
Nombre del editor, distribuidor, etc. [Sociedad Económica Palentina],
Fecha de publicación, distribución, etc. 1888 (
Fabricante Establ. tip. "Sucesores de Rivadeneyra")
300 ## - DESCRIPCIÓN FÍSICA
Extensión 76 p. :
Otras características físicas il. ;
Dimensiones 22 cm.
594 ## - Nota al título y mención de responsabilidad
Nota al título y mención de responsabilidad Memoria premiada por la Sociedad Económica de Amigos del País, en el certamen científico-literario celebrado en Palencia en septiembre de 1887.
650 #4 - PUNTO DE ACCESO ADICIONAL DE MATERIA--TÉRMINO DE MATERIA
Término de materia o nombre geográfico como elemento de entrada Minería-
Subdivisión geográfica Palencia (Provincia)
9 (RLIN) 167419
852 ## - LOCALIZACIÓN
Ubicación ES-MaACL
Número de control de estantería T-1104-F-5
Nota libre - Enc. hol., conservando cub. original
-- - Enc. en un vol. facticio
Holdings
Estatus retirado Estado de pérdida Estado de daño No para préstamo Colección Biblioteca de origen Biblioteca actual Ubicación en estantería Fecha de adquisición Total de préstamos Signatura topográfica completa Código de barras Visto por última vez Precio de reemplazo Tipo de ítem Koha
        Colección de folletos Biblioteca del Ateneo de Madrid Biblioteca del Ateneo de Madrid Depósito folletos 17/01/2008   T-1104-F-5 1168699 23/02/2023 23/02/2023 Folleto